Importancia del pasto llorón : como elemento de incrementación en la producción de carne vacuna /

Guardado en:
Autor Principal: Baya Casal, Enrique M.
Formato: Libro
Publicado: Buenos Aires : Hemisferio Sur, 1977
Materias:
Etiquetas: Agregar Etiqueta
Sin Etiquetas, Sea el primero en etiquetar este registro!
LEADER 00921nam a22002175a 4500
001 CEM.cems015714
005 20130510112246.0
008 130507s1977##################000#0#####d
003 CEMS
082 0 4 |a 633.2 
100 1 |a Baya Casal, Enrique M. 
245 1 0 |a Importancia del pasto llorón :  |b  como elemento de incrementación en la producción de carne vacuna /  |c Enrique M. Baya Casal 
260 |a Buenos Aires :  |b Hemisferio Sur,  |c 1977 
300 |a 87 p. 
505 0 |a Características generales -- Implantación -- Producción y valor alimenticio -- Manejo del Pasto llorón -- Otros usos del Pasto llorón -- Información sobre difusión en otras zonas 
653 |a Ganado-aumentación 
653 |a Pasto llorón 
653 |a Pasturas 
653 |a Eragrostis curvula 
859 |a CEMS  |b BIB. CEMS - Agricultura  |h 633.2  |i B34  |p A13647.85  |t Ej.1  |v 1  |3 Vol. 1 
859 |a CEMS  |b BIB. CEMS - Agricultura  |h 633.2  |i B34  |p A1869.13  |t Ej.2